000 02043nam a22003137a 4500
005 20110630105619.0
010 _aENG-102909 B-454924-928
020 _c499.00
_a9788184001815
035 _aEN-86442 B-454924-928
037 _bDBAD / PUB
037 _bBlue Berry/Ven
082 _a339.46091724
100 _aBanerjee, Abhijit V.
_951255
245 _aPoor economics :
_cby Abhijit V. Banerjee [and] Esther Duflo
_b a radical rethinking of the way to fight global poverty /
260 _aNoida
_bRandom House Publishers
_c2011
270 _aMindmill Corporate Tower, 2nd Floor, Plot No. 24 A, Sector 16A
_bNoida, U. P.
_e201301
300 _axi,303p.
_c24cm (Hb)
500 _aIncludes index
700 _928520
_aDuflo, Esther
710 _928535
942 _2ddc
_cEN
_mBAN
_h339.46091724
999 _c53415
_d53415